000 00975cam a2200277 a 4500
999 _c529349
_d529349
001 16705382
005 20190924144222.0
008 110324s2011 nyuaf b 001 0 eng
010 _a 2011011657
020 _a9781609181765 (hardcover)
020 _a160918176X (hardcover)
035 _a(OCoLC)ocn666239609
040 _aDLC
_cDLC
_dDLC
082 0 0 _a621.3678
_bCAM
100 1 _aCampbell, James B.,
_d1944-
_921255
245 1 0 _aIntroduction to remote sensing /
_cJames B. Campbell, Randolph H. Wynne.
250 _a5th ed.
260 _aNew York :
_bGuilford Press,
_cc2011.
300 _axxxi, 667 p., [16] p. of plates :
_bill. (some col.) ;
_c27 cm.
504 _aIncludes bibliographical references and index.
650 0 _aRemote sensing.
_93471
700 1 _aWynne, Randolph H.
_921256
906 _a7
_bcbc
_corignew
_d1
_eecip
_f20
_gy-gencatlg
942 _2ddc
_cBK